| 000 | 00699nja a2200205 a 4500 | ||
|---|---|---|---|
| 003 | BLK | ||
| 005 | 20230801120854.0 | ||
| 008 | 180414c bul|r|ner|||| 00| c0bul d | ||
| 010 | _aNOT00003559019 | ||
| 040 | _aBLK | ||
| 100 |
_aНиколов, Лазар Костов _d1922-2005 _9388913 |
||
| 245 | 1 | 0 |
_aМила мамо _cЛазар Костов Николов. |
| 257 | _aBGR | ||
| 380 | _a7 | ||
| 773 |
_0319910 _9673007 _aНиколов, Лазар Костов _tПиеси за цигулка |
||
| 852 | _aЦб М ІІ 7415 | ||
| 942 |
_cNOT _n0 |
||
| 944 |
_aCR _c15.03.2016 _k30556 _lТеодора Пейчева-Дянкова |
||
| 944 |
_aED _c15.03.2016 _kКамелия_Данева |
||
| 999 |
_c319929 _d319929 |
||